Creative approaches unit 1 /
Gorde:
| Egile nagusia: | |
|---|---|
| Formatua: | Liburua |
| Argitaratua: |
LD. :
Longman.
1967
|
| Gaiak: | |
| Etiketak: |
Etiketa erantsi
Etiketarik gabe, Izan zaitez lehena erregistro honi etiketa jartzen!
|
| Thư viện lưu trữ: | Mạng thư viện Đại học Đà Nẵng |
|---|
| LEADER | 00837nam a22002531a 4500 | ||
|---|---|---|---|
| 001 | 000037732 | ||
| 003 | 14027 | ||
| 005 | 20220817160557.0 | ||
| 008 | 160412s1967 000 | ||
| 082 | |a 420 |b WO-C | ||
| 100 | |a Woodland, Christopher | ||
| 245 | 0 | |a Creative approaches unit 1 / |c Christopher Woodland. | |
| 260 | |c 1967 |a LD. : |b Longman. | ||
| 300 | |a 156tr. : ; |c 20cm. | ||
| 653 | |a Creative approaches | ||
| OWN | |a LNN | ||
| AVA | |a UDN50 |b LNN |c English |d 420WO-C |e available |t Error 5001 Not defined in file expand_doc_bib_avail. |f 1 |g 0 |h N |i 0 |j AN | ||
| 999 | |a From the UDN01 | ||
| AVA | |a UDN50 |b LNN |c English |d 420WO-C |e available |t Error 5001 Not defined in file expand_doc_bib_avail. |f 1 |g 0 |h N |i 0 |j AN | ||
| TYP | |a Monograph | ||
| 980 | |a Mạng thư viện Đại học Đà Nẵng | ||